Statistieken voor Grootste steden van Europa met Kaart

Klik hier om de quiz te nemen!

Algemene statistieken

  • Deze quiz is 782 keer genomen
  • De gemiddelde score is 57 of 97

Antwoorden op de kaart

Antwoorden kleurgecodeerd door een groen-rode schaal op de quizkaart volgens % correct hieronder.
Laden...
 

Antwoordstatistieken

InwonersAntwoord% Correct
2.45mAmsterdam
99%
3.58mRome
98%
6.45mMadrid
98%
14.7mLonden
97%
11.4mParijs
97%
3.23mRotterdam / Den Haag
96%
2.05mBrussel
95%
4.75mBerlijn
95%
4.73mBarcelona
95%
2.55mLissabon
95%
17.2mMoskou
94%
1.18mOslo
94%
1.37mDublin
92%
1.29mHelsinki
91%
3.35mAthene
91%
1.04mAntwerpen
90%
5.20mMilaan
90%
2.20mStockholm
87%
2.88mHamburg
85%
2.28mMunchen
85%
2.25mWenen
85%
1.67mKopenhagen
84%
3.05mManchester
84%
3.45mKiev
84%
1.15mPorto
83%
1.43mPraag
82%
5.60mSint Petersburg
80%
2.33mWarschau
80%
1.87mLiverpool
79%
1.66mMarseille
78%
799kUtrecht
78%
2.60mBoedapest
78%
4.23mNapels
77%
2.20mBoekarest
77%
921kZagreb
75%
1.99mLyon
75%
1.77mValencia
74%
15.8mIstanboel
73%
978kNice
72%
2.00mMinsk
71%
1.06mBordeaux
71%
701kRiga
70%
1.30mRijsel
70%
1.30mSofia
68%
1.66mGlasgow
66%
1.32mSevilla
65%
1.64mTurijn
62%
848kBelfast
62%
853kEdinburgh
62%
3.28mFrankfurt
61%
1.41mZürich
59%
3.13mBirmingham
59%
1.01mBremen
57%
892kBilbao
57%
858kTirana
56%
682kGeneve
55%
1.42mBelgrado
54%
855kPalermo
53%
2.15mLeeds
52%
812kKrakau
51%
1.47mNewcastle
51%
1.01mMálaga
50%
1.03mToulouse
48%
780kDresden
47%
938kGdańsk
46%
2.43mStuttgart
46%
687kCardiff
45%
804kAken
41%
705kGenua
41%
1.15mHannover
41%
805kGotenburg
40%
820kChișinău
39%
788kThessaloniki
38%
781kBologna
35%
759kZaragossa
34%
1.16mSouthampton
32%
1.45mDonetsk
31%
1.10mOdessa
31%
980kFirenze
29%
765kLeicester
28%
1.56mSheffield
27%
724kAlicante
25%
803kSaarbrücken
22%
1.58mMannheim
22%
1.30mRostov-on-Don
22%
790kLviv
20%
1.38mNottingham
20%
878kŁódź
19%
731kKarlsruhe
18%
1.65mKharkiv
18%
1.21mNuremberg
15%
1.74mNizhny Novgorod
13%
1.41mVolgograd
13%
1.00mKrasnodar
11%
1.40mDnipro
10%
759kZaporizja
5%
1.06mVoronezj
5%

Scoreverdeling

Percentiel versus Aantal Correcte Antwoorden

Procent van Mensen met Elke Score

Uw Scoregeschiedenis

U heeft deze quiz nog niet genomen